| 000 | 00000nam##2200000za#4500 |
| 001 | 9.698504 |
| 003 | CaOODSP |
| 005 | 20231102095718 |
| 007 | cr ||||||||||| |
| 008 | 150407|2006||||xxc|||||o f|0| 0 eng|d |
| 040 | |aCaOODSP|beng |
| 043 | |an-cn--- |
| 086 | 1 |aD74-11/2006E-PDF |
| 110 | 2 |aOffice of the National Defence and Canadian Forces Ombudsman. |
| 245 | 14|aThe Canadian face behind the recruiting targets : |h[electronic resource]|ba review of the Canadian Forces recruiting system - from attraction to enrolment / |c[by] Yves Côté. |
| 246 | 1 |iAt head of title : |aSpecial report to the Minister of National Defence |
| 260 | |aOttawa - Ontario : |bOffice of the National Defence and Canadian Forces Ombudsman |cJune 2006. |
| 300 | |a55p. |
| 590 | |a13-23-Supp|b2013-10-08 |
| 690 | 07|aArmed forces|2gcpds |
| 690 | 07|aRecruiting|2gcpds |
| 775 | 08|tObjectifs de recrutement - réalités canadiennes : |w(CaOODSP)9.642511 |
| 856 | 40|ahttp://publications.gc.ca|qPDF|s937 KB|uhttps://publications.gc.ca/collections/collection_2013/dn-nd/D74-11-2006-eng.pdf |